| 000 | 00735nam a2200277Ia 4500 | ||
|---|---|---|---|
| 008 | 160803s9999 xx 000 0 und d | ||
| 020 | _a9780439988964 | ||
| 100 | _aMunsch, Robert | ||
| 245 | _aMakeup mess / | ||
| 245 | _cby Robert Munsch ; illustrated by Michael Martchenko. | ||
| 260 | _aNew York : | ||
| 260 | _bScholastic Inc. | ||
| 260 | _c2001 | ||
| 300 | _a28 pages : | ||
| 300 | _bcolor illustrations ; | ||
| 300 | _c26 cm. | ||
| 500 | _a"Cartwheel books." | ||
| 650 | _aCosmetics -- | ||
| 650 | _aJuvenile fiction. | ||
| 650 | _aSelf-perception -- | ||
| 650 | _xBeauty, Personal -- | ||
| 650 | _xHumorous stories. | ||
| 650 | _xJuvenile fiction. | ||
| 650 | _xJuvenile fiction. | ||
| 700 | _a440 | ||
| 999 |
_c298129 _d298129 |
||